000 00616nam a22001937a 4500
999 _c61100
_d61100
005 20231219151903.0
008 231219s2004 ru ||||| |||| 00| 0 rus d
020 _a5271096726
041 _arus
080 _a94(315) Ж-60
100 _aЖерне, Жак
_920787
245 _aДревний Китай /
_cЖак Жерне.
264 _aМосква:
_bАСТ, Астрель,
_c2004.
300 _a156 c.
_b18 cm.
440 _aуниверситетская библиотека
_920145
653 _aისტორია
653 _aძველი ჩინეთი
942 _2udc
_cᲬᲘᲒᲜᲘ